Estadísticas para 15 principales países afectados por Covid19; 14 de deciembre

Haz click aquí para intentar la prueba.

Estadísticas generales

  • Esta prueba ha sido intentada 3 veces
  • La puntuación promedio es 18 de 27

Estadísticas de respuestas

país% Correcto
Brasil
100%
España
100%
Estados Unidos
100%
Francia
100%
India
100%
Irán
100%
Italia
100%
México
100%
Países Bajos
100%
Reino Unido
100%
Rusia
100%
Alemania
67%
Argentina
67%
Bélgica
67%
Suiza
67%
Turquía
67%
Armenia
33%
Baréin
33%
Catar
33%
Chequia
33%
Colombia
33%
Croacia
33%
Eslovenia
33%
Georgia
33%
Israel
33%
Panamá
33%
Polonia
33%

Distribución de puntuación

Porcentaje por número respondido

Porcentaje de gente con cada puntuación

Historial de tus puntuaciones

No has intentado esta prueba.